Moderné škótske poviedky

Bibliographic Details
Main Authors: E.S (Author), Salnerová, Eva, 1951- (Author)
Format: Article
Language:Slovak
Subjects:

MARC

LEADER 00000nab a2200000 a 4500
001 vtls000121842
003 SK-MaSNL
005 20260304074622.0
008 250423c1982 xo 0 slo
015 |a SNBRB19rr/mm-uuuuu 
035 |a CL0131947 
035 |a urn:nbn:sk:snk-abbb8s 
035 |a (urnnbn)urn:nbn:sk:snk:ar-006hlm 
035 |a (uuid)6d7122ed-7197-4c8b-a4f4-adf952b2dee8 
040 |a SNKBUCL  |b slo  |c SNKBUCL  |e AACR2 
041 0 |a slo 
044 |a xo  |c SK 
080 |a 82.09:820 (411)  |2 1981 
080 |a 820 (411)  |2 1981 
080 |a 820 (411).09  |2 1981 
100 1 |a E.S.  |4 aut  |9 465792 
245 1 0 |a Moderné škótske poviedky  |c E.S./ ; Eva Salnerová 
650 0 7 |a škótska literatúra  |2 SNKPH  |9 1360 
650 0 7 |a škótska próza  |2 SNKPH  |9 117540 
650 0 7 |a škótske poviedky  |2 SNKPH  |9 196619 
655 7 |a články z novín a časopisov  |2 snkbucl  |9 267496 
655 7 |a články z odboru literárna veda a krásna literatúra  |2 snkbucl  |9 770045 
700 1 |a Salnerová, Eva,  |d 1951-  |4 aut  |9 37437 
773 0 |t Revue svetovej literatúry  |g Roč. 18, č. 4 (1982), s. 119-120 
850 |a Slovenská národná knižnica 
852 |a Slovenská národná knižnica 
958 |a article15 
958 |a RK 
958 |a LX 
958 |a OND 
958 |a EUIPO 
999 |c 2777044  |d 2778974